[Event "Athens Smaok-ch"]
[Site "Greece"]
[Date "2012.10.21"]
[Round "6.14"]
[White "Trantas, Triantafillos"]
[Black "Akrivos, Apostolos"]
[Result "1-0"]
[WhiteElo "1487"]
[BlackElo "1370"]
[PlyCount "85"]
[EventDate "2012.09.16"]
[EventType "swiss"]
[EventRounds "7"]
[EventCountry "GRE"]
[SourceTitle "EXT 2024"]
[Source "ChessBase"]
[SourceDate "2023.10.10"]
[SourceVersion "1"]
[SourceVersionDate "2023.10.10"]
[SourceQuality "1"]

1. e4 e5 2. Nf3 Nc6 3. d4 exd4 4. Bc4 Bb4+ 5. c3 dxc3 6. bxc3 Be7 7. Qd5 Nh6 8. Bxh6 0-0 9. Bf4 d6 10. Qd1 Bf6 11. 0-0 Bg4 12. Be2 Re8 13. Qc2 Qe7 14. Nbd2 Qe6 15. Rfe1 Rad8 16. Rab1 Qc8 17. Bb5 Bd7 18. Bxc6 Bxc6 19. Nd4 Bd7 20. N4f3 h6 21. e5 Bf5 22. Ne4 dxe5 23. Bg3 Qe6 24. Rxb7 Qc6 25. Rbb1 Rd5 26. c4 Ra5 27. Qe2 Bg4 28. Nxf6+ gxf6 29. Qd2 Rc5 30. Qxh6 Rxc4 31. Bh4 Rf4 32. Ng5 Qc2 33. Rbc1 Qf5 34. f3 fxg5 35. fxg4 Rxg4 36. Bg3 Re6 37. Qh3 c6 38. Bf2 a6 39. Rcd1 Kg7 40. Rd8 Rh6 41. Qa3 Kh7 42. Qf8 Qf6 43. Qg8# 1-0